Postoje elít a verejnosti v otázkach európskej integrácie

Typológia členských štátov. Výskumný dizajn (15 členských štátov), metódy, dáta. Nezávislé premenné a indikátory. Závislá premenná - ako merať postoje k európskej integrácii. Postoje elít a verejnosti k európskej integrácii: výsledky, reprezentácia postojov. Faktory vplývajúce na postoje k integráci...

Descrizione completa

Salvato in:
Dettagli Bibliografici
Autore principale: Karvai, Alexander
Natura: Capitolo di libro
Lingua:slovacco
Soggetti:
Tags: Aggiungi Tag
Nessun Tag, puoi essere il primo ad aggiungerne!!

MARC

LEADER 00000naa$a2200000$$$4500
001 0110716
005 20231102121218.1
041 0 |a slo 
044 |a SK 
245 1 0 |a Postoje elít a verejnosti v otázkach európskej integrácie  |c Alexander Karvai 
520 |a Typológia členských štátov. Výskumný dizajn (15 členských štátov), metódy, dáta. Nezávislé premenné a indikátory. Závislá premenná - ako merať postoje k európskej integrácii. Postoje elít a verejnosti k európskej integrácii: výsledky, reprezentácia postojov. Faktory vplývajúce na postoje k integrácii. 
610 2 0 |a integrácia ekonomická medzinárodná 
610 2 0 |a Európska únia 
610 2 0 |a metódy 
610 2 0 |a dáta 
610 2 0 |a mienka verejná 
610 2 0 |a výskum 
100 1 |a Karvai, Alexander